Heteronyms #4 - Statistics

General Stats
  • This quiz has been taken 47 times
  • The average score is 8 of 25
Answer Stats
Definition 1 Definition 2 Heteronym % Correct
An open-topped box that can be slid in and out of the cabinet that contains it One who produces a visual representation of a person or thing by lines and marks with pencil, pen, paints etc. Drawer
80%
A race in which batons are handed off To pass on or transfer Relay
68%
A member of a Christian religious community of women The fourteenth letter of the Hebrew alphabet Nun
61%
A base coat of wall paint used to hide imperfections, e.g. (In some, but not all dialects, Definition 2 is pronounced differently from Definition 1) A children’s book for teaching reading, writing and spelling Primer
54%
A type of lustrous jet-black bird To devour with eagerness Raven
54%
To accomplish or perform A syllable used in solfège to represent the first and eighth tonic of a major scale Do
49%
One who has a biochemical addiction To make (someone) become devoted to a given thing or activity Addict
46%
The top of the head A finely-ground paste of meat or fish Pate
46%
Pale, having a pallor In the UK, a type of semicircular meat pie Pasty
44%
A cat or a kitten Containing a discharge of dead white blood cells and bacteria Pussy
34%
A description of the location of a property To direct one’s remarks to Address
27%
To encourage support for something A person who speaks in support of something, or someone Advocate
24%
Foam or suds A turner; one who uses a lathe Lather
24%
Well skilled, thoroughly proficient One who is fully skilled in something Adept
20%
An ad, in the UK To take notice of Advert
20%
To chat The opposite or reverse Converse
20%
To increase the amount, degree or number of In many ways Multiply
17%
Made or kept hidden Concealed Secreted
17%
To induce someone to adopt (e.g.) a religion or belief One in favor of something they previously opposed Convert
15%
Having one or more bends or angles Formed into a hook Crooked
15%
Intentional To consider carefully Deliberate
15%
To attach An appendage Affix
10%
The skin shed by a reptile A muddy or marshy area (UK) or a type of swamp (US) Slough
10%
A member of a group of associated things To associate oneself with an individual or organization Affiliate
7%
Any amusing or stimulating activity A reproduction of something previously created Recreation
7%
No matching quizzes found
Score Distribution
Percent of People with Each Score
Percentile by Number Answered
Your Score History
You have not taken this quiz